000 00625nam a2200241 a 4500
001 0001-1025
003 ELIB.Books
008 141031 2010 eng
020 _a1576580156
035 _a(ELIB.Books)0001-1179
092 _a230
_bMil
100 _aMiller, Darrow L.
245 _aDiscipling Nations:
_bThe Power of Truth to Transform Cultures
260 _aSeattle
_bYWAM Publishing
_c1984
300 _a308
_c20.2Cm
500 _aLibrary
650 _aTheology
856 _nKBTS; Library
_uKBTS; Elib.
942 _2ddc
_cBK
990 _a1
998 _cbat
_e2014-10-31
999 _c11025
_d11025